000 00420nam a2200181Ia 4500
008 210210b1958 xxu||||| |||| 00| 0 eng d
041 _aeng
082 _a536/57
100 _aHOLDEN (A N)
245 _aPhysical metallurgy of uranium
260 _aUSA
_bAddison-Wesley
_c1958
300 _a262
650 _auranium
650 _aPhysical
650 _ametallurgy
690 _aModern Physics
906 _a008855
999 _c126676
_d126676